[Event "IECG CP.2001.S.00002 email"]
[Site "IECG email"]
[Date "2003.10.01"]
[Round "?"]
[White "Horak, Jiri"]
[Black "Van Nieuwenhuizen, Rene"]
[Result "0-1"]
[WhiteElo "2212"]
[BlackElo "2135"]
[PlyCount "68"]
[EventDate "2003.10.01"]
[EventType "tourn (corr)"]
[EventRounds "6"]
[SourceTitle "Corr 2008"]
[Source "ChessBase"]
[SourceDate "2008.06.24"]
[SourceVersion "1"]
[SourceVersionDate "2008.06.24"]
[SourceQuality "1"]

1. d4 f5 2. g3 Nf6 3. Bg2 e6 4. c4 c6 5. Nh3 d5 6. Qc2 Bd6 7. 0-0 0-0 8. c5 Be7 9. Nd2 b6 10. Nb3 Na6 11. cxb6 axb6 12. Qxc6 Bd7 13. Qc2 Nb4 14. Qd1 Rxa2 15. Rxa2 Nxa2 16. Bf4 Ba4 17. Qd3 Nb4 18. Qe3 Qd7 19. Na1 h6 20. Qd2 Ne4 21. Qc1 Nc6 22. Be3 Bf6 23. b3 Bb5 24. Qb2 e5 25. Nc2 Bxe2 26. Re1 Bg4 27. f3 Bxh3 28. Bxh3 exd4 29. Bxd4 Nxd4 30. Nxd4 Ng5 31. Kg2 Qf7 32. f4 Nxh3 33. Kxh3 Re8 34. Rxe8+ Qxe8 0-1

[Event "CFriend SH-2003-0-00003 email"]
[Site "Chessfriend.com"]
[Date "2003.02.19"]
[Round "1"]
[White "Brand, Martien"]
[Black "Van Nieuwenhuizen, Rene"]
[Result "1/2-1/2"]
[WhiteElo "2043"]
[BlackElo "2179"]
[PlyCount "127"]
[EventDate "2003.02.19"]
[EventType "tourn (corr)"]
[EventRounds "10"]
[SourceTitle "Corr 2024"]
[Source "ChessBase"]
[SourceDate "2023.10.19"]
[SourceVersion "1"]
[SourceVersionDate "2023.10.19"]
[SourceQuality "1"]

1. e4 e5 2. Nf3 Nc6 3. Bc4 Nf6 4. Ng5 d5 5. exd5 Nd4 6. c3 b5 7. Bf1 Nxd5 8. Ne4 Ne6 9. Bxb5+ Bd7 10. Qa4 Ndf4 11. 0-0 Nd3 12. b3 f5 13. Ng3 g6 14. Ba3 c5 15. c4 Nd4 16. Nc3 Nxb5 17. cxb5 a6 18. Qc4 Bxb5 19. Qe6+ Qe7 20. Qb6 Qd7 21. Qa5 Qd8 22. Qxd8+ Rxd8 23. Nge2 e4 24. Nc1 Nf4 25. Nxb5 axb5 26. Bb2 Rg8 27. Rd1 Bg7 28. Bxg7 Rxg7 29. a4 Ra7 30. g3 Ne6 31. Ne2 c4 32. bxc4 bxc4 33. Ra2 Ng5 34. Kg2 Nf3 35. Ng1 Ne5 36. Rb1 Ke7 37. Rb5 Nd3 38. a5 Ke6 39. Ra4 Rd5 40. Ne2 Ra6 41. Nc3 Rxb5 42. Nxb5 Kd7 43. h4 Kc6 44. Nc3 Ne5 45. g4 Nxg4 46. Rxc4+ Kd6 47. Nb5+ Kd5 48. Ra4 Kc5 49. Nc7 Ra7 50. Ne6+ Kb5 51. Ra2 Ne5 52. a6 Kb6 53. Rb2+ Kc6 54. Nd4+ Kc5 55. Ne6+ Kd5 56. Nf4+ Kd6 57. Rb6+ Kc5 58. Rb7 Rxa6 59. Rxh7 Nf3 60. Rh6 Rd6 61. Kg3 Ne5 62. Rh8 Rxd2 63. Rc8+ Kb4 64. Re8 1/2-1/2

[Event "CFriend SH-2003-0-00003 email"]
[Site "Chessfriend.com"]
[Date "2003.02.19"]
[Round "?"]
[White "Sidenko, Anatoly Viktorovich"]
[Black "Van Nieuwenhuizen, Rene"]
[Result "1/2-1/2"]
[WhiteElo "2347"]
[BlackElo "2004"]
[PlyCount "70"]
[EventDate "2003.02.19"]
[EventType "tourn (corr)"]
[EventRounds "10"]
[SourceTitle "Corr 2008"]
[Source "ChessBase"]
[SourceDate "2008.06.24"]
[SourceVersion "1"]
[SourceVersionDate "2008.06.24"]
[SourceQuality "1"]

1. d4 f5 2. c4 Nf6 3. Nf3 d6 4. Nc3 g6 5. Bf4 Bg7 6. e3 0-0 7. Be2 c6 8. 0-0 Qe8 9. Bg3 h6 10. h3 Nbd7 11. Qc2 e5 12. Rad1 Kh7 13. Rfe1 e4 14. Nd2 Qe7 15. b4 b6 16. a4 Bb7 17. a5 c5 18. bxc5 bxc5 19. Rb1 Ba6 20. Nb5 Bxb5 21. Rxb5 a6 22. Rbb1 Rfc8 23. Rb7 Rcb8 24. Qb3 cxd4 25. exd4 Ne8 26. c5 Nxc5 27. Rxe7 Nxb3 28. Rxe8 Nxd2 29. Rxb8 Rxb8 30. Bxd6 Rb2 31. d5 e3 32. f3 Nb3 33. Bxa6 Bc3 34. Re2 Rd2 35. Kh2 Rxd5 1/2-1/2

[Event "CFriend SH-2003-0-00003 email"]
[Site "Chessfriend.com"]
[Date "2003.02.19"]
[Round "?"]
[White "Van Nieuwenhuizen, Rene"]
[Black "Gilles, Robert P"]
[Result "1/2-1/2"]
[WhiteElo "2004"]
[BlackElo "2262"]
[PlyCount "41"]
[EventDate "2003.02.19"]
[EventType "tourn (corr)"]
[EventRounds "10"]
[SourceTitle "Corr 2008"]
[Source "ChessBase"]
[SourceDate "2008.06.24"]
[SourceVersion "1"]
[SourceVersionDate "2008.06.24"]
[SourceQuality "1"]

1. e4 e6 2. d4 d5 3. Nc3 Nf6 4. e5 Nfd7 5. f4 c5 6. Nf3 Nc6 7. Be3 a6 8. Qd2 b5 9. dxc5 Bxc5 10. Bxc5 Nxc5 11. Qf2 Qb6 12. Bd3 b4 13. Ne2 a5 14. 0-0 Ba6 15. Kh1 Ne7 16. Rad1 Na4 17. Qxb6 Nxb6 18. b3 Nf5 19. Rfe1 Bxd3 20. cxd3 Kd7 21. Rc1 1/2-1/2

[Event "CFriend SH-2003-0-00003 email"]
[Site "Chessfriend.com"]
[Date "2003.02.19"]
[Round "1"]
[White "Van Nieuwenhuizen, Rene"]
[Black "Gomez Galan Arense, Joaquin"]
[Result "1-0"]
[WhiteElo "2179"]
[BlackElo "2012"]
[PlyCount "47"]
[EventDate "2003.02.19"]
[EventType "tourn (corr)"]
[EventRounds "10"]
[SourceTitle "Corr 2024"]
[Source "ChessBase"]
[SourceDate "2023.10.19"]
[SourceVersion "1"]
[SourceVersionDate "2023.10.19"]
[SourceQuality "1"]

1. e4 e5 2. Nf3 Nc6 3. d4 exd4 4. Nxd4 Bc5 5. Nb3 Bb6 6. Nc3 Qf6 7. Qe2 Nge7 8. Nd5 Nxd5 9. exd5+ Ne7 10. h4 h6 11. a4 a6 12. a5 Ba7 13. Bd2 0-0 14. Bc3 Qd6 15. 0-0-0 Qf4+ 16. Kb1 Re8 17. g3 Qxf2 18. Qg4 g6 19. d6 Nf5 20. Bc4 Qxg3 21. Rhe1 Rxe1 22. Rxe1 Kf8 23. Qe4 Be3 24. Bb4 1-0

[Event "CFriend SH-2003-0-00003 email"]
[Site "Chessfriend.com"]
[Date "2003.02.19"]
[Round "?"]
[White "Van Nieuwenhuizen, Rene"]
[Black "Hallengren, Boris"]
[Result "1/2-1/2"]
[WhiteElo "2004"]
[BlackElo "2267"]
[PlyCount "51"]
[EventDate "2003.02.19"]
[EventType "tourn (corr)"]
[EventRounds "10"]
[SourceTitle "Corr 2008"]
[Source "ChessBase"]
[SourceDate "2008.06.24"]
[SourceVersion "1"]
[SourceVersionDate "2008.06.24"]
[SourceQuality "1"]

1. e4 c5 2. Nf3 d6 3. d4 cxd4 4. Nxd4 Nf6 5. Nc3 a6 6. Be3 e5 7. Nb3 Be6 8. f3 h5 9. Qd2 Nbd7 10. a4 Be7 11. Be2 h4 12. a5 Rc8 13. 0-0 g6 14. Nc1 Qc7 15. Rd1 0-0 16. Bf1 Rfe8 17. Qf2 Nh5 18. Nd3 f5 19. Nb4 f4 20. Ba7 Nhf6 21. Kh1 g5 22. Qd2 Bf8 23. Bf2 Kh8 24. Rdc1 h3 25. gxh3 Nc5 26. Nbd5 1/2-1/2

[Event "CFriend SH-2003-0-00003 email"]
[Site "Chessfriend.com"]
[Date "2003.02.19"]
[Round "?"]
[White "Vercammen, Robert"]
[Black "Van Nieuwenhuizen, Rene"]
[Result "0-1"]
[WhiteElo "2054"]
[BlackElo "2004"]
[PlyCount "30"]
[EventDate "2003.02.19"]
[EventType "tourn (corr)"]
[EventRounds "10"]
[SourceTitle "Corr 2008"]
[Source "ChessBase"]
[SourceDate "2008.06.24"]
[SourceVersion "1"]
[SourceVersionDate "2008.06.24"]
[SourceQuality "1"]

1. e4 c5 2. d4 cxd4 3. c3 dxc3 4. Nxc3 Nc6 5. Nf3 e6 6. Bc4 Nge7 7. Bg5 f6 8. Be3 a6 9. 0-0 b5 10. Bb3 Ng6 11. Re1 Bb7 12. Rc1 Rc8 13. a3 Na5 14. Ba2 Nc4 15. Bxc4 Rxc4 0-1

[Event "IECG CP.2001.Q.00012 email"]
[Site "IECG email"]
[Date "2002.10.01"]
[Round "?"]
[White "Vaassen, Jack M"]
[Black "Van Nieuwenhuizen, Rene"]
[Result "1-0"]
[WhiteElo "2190"]
[BlackElo "2004"]
[PlyCount "127"]
[EventDate "2002.10.01"]
[EventType "tourn (corr)"]
[EventRounds "6"]
[EventCountry "ENG"]
[SourceTitle "Corr 2008"]
[Source "ChessBase"]
[SourceDate "2008.06.24"]
[SourceVersion "1"]
[SourceVersionDate "2008.06.24"]
[SourceQuality "1"]

1. d4 f5 2. Nf3 Nf6 3. g3 g6 4. Bg2 Bg7 5. c4 0-0 6. Nc3 d6 7. 0-0 Qe8 8. d5 Na6 9. Rb1 Bd7 10. b4 c6 11. dxc6 bxc6 12. a3 Nc7 13. Bb2 Ne6 14. c5 dxc5 15. Ne5 Rb8 16. Qb3 Kh8 17. Rfd1 Nd8 18. Qa4 cxb4 19. axb4 Be6 20. Ba1 Rb7 21. Qa6 Rc7 22. b5 Bd5 23. bxc6 Bxg2 24. Rb8 Rxc6 25. Nxc6 Qxc6 26. Qxc6 Nxc6 27. Rxf8+ Bxf8 28. Kxg2 Kg8 29. Nb5 Ne4 30. Rc1 Na5 31. Nxa7 Nb3 32. Rd1 Nxa1 33. Rxa1 Kf7 34. Nc6 Bg7 35. Ra6 Bf6 36. Nd8+ Ke8 37. Ne6 Kf7 38. h3 Nd6 39. Nc5 Bd4 40. Nd3 Bg7 41. g4 Bf6 42. gxf5 gxf5 43. Kf3 h6 44. Ke3 Kg6 45. Nf4+ Kf7 46. Kf3 Bg5 47. e3 Bf6 48. Ke2 Bg5 49. Nd5 Ke6 50. Nb4 Kf7 51. f3 Bh4 52. Ra7 Nb5 53. Rb7 Nd6 54. Rd7 Ke6 55. Ra7 Nb5 56. Ra6+ Nd6 57. Nc6 Kf7 58. Nd4 Kf6 59. Nb5 Ke6 60. Nxd6 exd6 61. Ra7 Be7 62. Kd3 h5 63. e4 fxe4+ 64. Kxe4 1-0

[Event "IECG CP.2001.Q.00012 email"]
[Site "IECG email"]
[Date "2002.10.01"]
[Round "?"]
[White "Van Nieuwenhuizen, Rene"]
[Black "Robson, Nigel"]
[Result "1/2-1/2"]
[WhiteElo "2004"]
[BlackElo "2319"]
[PlyCount "52"]
[EventDate "2002.10.01"]
[EventType "tourn (corr)"]
[EventRounds "6"]
[EventCountry "ENG"]
[SourceTitle "Corr 2008"]
[Source "ChessBase"]
[SourceDate "2008.06.24"]
[SourceVersion "1"]
[SourceVersionDate "2008.06.24"]
[SourceQuality "1"]

1. e4 c5 2. d4 cxd4 3. c3 dxc3 4. Nxc3 Nc6 5. Nf3 e6 6. Bc4 a6 7. 0-0 Nge7 8. Bg5 f6 9. Be3 b5 10. Bb3 Ng6 11. Nd4 Nxd4 12. Bxd4 Bd6 13. Be3 Qe7 14. Qh5 Bb7 15. a3 Be5 16. f4 Bxc3 17. bxc3 Bxe4 18. a4 0-0 19. axb5 axb5 20. Qxb5 d5 21. Rxa8 Rxa8 22. f5 Ne5 23. fxe6 Qxe6 24. h3 h6 25. Rd1 Rd8 26. Qa5 Rd7 1/2-1/2

[Event "IECG CA.2002.0.00041"]
[Site "IECG email"]
[Date "2002.03.15"]
[Round "1"]
[White "Bernal Varela, Nelson"]
[Black "Van Nieuwenhuizen, Rene"]
[Result "1-0"]
[WhiteElo "2000"]
[BlackElo "2025"]
[PlyCount "43"]
[EventDate "2002.03.15"]
[EventType "tourn (corr)"]
[EventRounds "6"]
[SourceTitle "Corr 2024"]
[Source "ChessBase"]
[SourceDate "2023.10.19"]
[SourceVersion "1"]
[SourceVersionDate "2023.10.19"]
[SourceQuality "1"]

1. e4 c5 2. Nf3 d6 3. d4 cxd4 4. Nxd4 Nf6 5. Nc3 a6 6. Be3 e5 7. Nb3 Be7 8. f3 0-0 9. Qd2 Be6 10. 0-0-0 b5 11. g4 b4 12. Nd5 Bxd5 13. exd5 a5 14. Na1 Nfd7 15. h4 Nb6 16. Kb1 N8d7 17. g5 Rb8 18. Nb3 Ra8 19. Nc1 f5 20. g6 h5 21. f4 exf4 22. Bxf4 1-0

[Event "IECC CL3-1999.29"]
[Site "IECC email"]
[Date "1999.07.29"]
[Round "?"]
[White "Van Nieuwenhuizen, Rene"]
[Black "Andersson, Paul"]
[Result "1-0"]
[WhiteElo "1990"]
[BlackElo "1925"]
[PlyCount "25"]
[EventDate "1999.??.??"]
[EventType "tourn (corr)"]
[EventRounds "4"]
[SourceTitle "Corr 2008"]
[Source "ChessBase"]
[SourceDate "2008.06.24"]
[SourceVersion "1"]
[SourceVersionDate "2008.06.24"]
[SourceQuality "1"]

1. c4 e5 2. Nc3 Nf6 3. Nf3 Nc6 4. d3 Bb4 5. Bd2 d6 6. e3 0-0 7. Be2 Ne8 8. 0-0 f5 9. a3 Bxc3 10. Bxc3 f4 11. Qc2 g5 12. d4 Qe7 13. dxe5 1-0